| 000 | 01096cam a2200385 4500 | ||
|---|---|---|---|
| 001 | a473728 | ||
| 003 | DO-SdBNP | ||
| 005 | 20240215123104.0 | ||
| 007 | a473728 | ||
| 008 | 100427s2010 sp | 000 f spa | ||
| 015 | _a | ||
| 017 |
_a _b |
||
| 020 | _a9788466323956 | ||
| 035 | _a | ||
| 040 |
_aBPMSU _bspa _cBPMSU _e |
||
| 041 | 1 |
_aspa _h |
|
| 080 | _a | ||
| 082 | 4 |
_a839.736 _bL313d 2010 _222 |
|
| 100 | 1 |
_aLapidus, Jens _d1974- |
|
| 245 | 1 | 0 |
_aDinero fácil / _h _cJens Lapidus ; traducción de María Sierra |
| 250 | _a | ||
| 260 |
_aMadrid : _bPunto de Lectura, _c2010 |
||
| 300 |
_a617 p. ; _c21 cm |
||
| 490 | 0 |
_aTrilogía negra de Estocolmo, _v1 |
|
| 490 | 1 |
_aPunto de lectura _v389/1 |
|
| 500 | _aIncluye referencias bibliográficas y notas al pie de las páginas | ||
| 534 |
_pTítulo original : _tSnabba cash |
||
| 590 | _aInventariado, 2024/VM | ||
| 650 | 4 | _aNovela sueca | |
| 650 | 4 | _aNovela policíaca | |
| 700 | 1 |
_aSierra, María _etr. |
|
| 830 | 0 |
_aTrilogía negra de Estocolmo _v1 |
|
| 910 | _aVMateo V. Control de calidad. BPMSU | ||
| 942 |
_2ddc _cBK |
||
| 999 |
_c10859 _d10859 |
||